I CINQUE FIGLI DEL VESCOVO. ROMANZO. (Record n. 308781)

Dettagli MARC
000 -LEADER
fixed length control field 01213nam a2200229Ia 4500
001 - CONTROL NUMBER
control field L850-49869
003 - CONTROL NUMBER IDENTIFIER
control field IT-CnALBA
008 - FIXED-LENGTH DATA ELEMENTS--GENERAL INFORMATION
fixed length control field 170116s9999||||xx |||||||||||||| ||und||
040 ## - CATALOGING SOURCE
Original cataloging agency IT-CnALBA
Transcribing agency IT-CnALBA
041 ## - LANGUAGE CODE
Language code of text/sound track or separate title ITALIANO
999 ## - SYSTEM CONTROL NUMBERS (KOHA)
Koha Dewey Subclass [OBSOLETE] NO
100 ## - MAIN ENTRY--PERSONAL NAME
Personal name TONTI LINO
245 #0 - TITLE STATEMENT
Title I CINQUE FIGLI DEL VESCOVO. ROMANZO.
250 ## - EDITION STATEMENT
Edition statement 1a ed.
260 ## - PUBLICATION, DISTRIBUTION, ETC. (IMPRINT)
Place of publication, distribution, etc. NEGARINE
Name of publisher, distributor, etc. IL SEGNO DEI GABRIELLI ED.
Date of publication, distribution, etc. 1999 [1° Ed.:1999 - Ed.Ling.Originale: 1999]
300 ## - PHYSICAL DESCRIPTION
Extent 138 p.
500 ## - GENERAL NOTE
General note LETTERA AL PAPA PER IL MATRIMONIO DEI PRETI. FIGLIA DI UN PRETE SPOSATO. SCOPERTA, NEI PRIMI TEMPI DELLA CHIESA IL VESCOVO LUCIO PETRONIO DESTRO VCON CINQUE FIGLI. SEMPLICITÀ E NORMALITA' DELLA SCELTA. MEA CULPA IN VISTA DEL GIUBILEO. STIMA E FIDUCIA NEL
501 ## - WITH NOTE
With note Società San Paolo EM - Piazza San Paolo, 14 - 12051 ALBA (CN) (non commercial uses only) ® Copyright 2017
520 ## - SUMMARY, ETC.
Summary, etc. LETTERA AL PAPA PER IL MATRIMONIO DEI PRETI. FIGLIA DI UN PRETE SPOSATO. SCOPERTA, NEI PRIMI TEMPI DELLA CHIESA IL VESCOVO LUCIO PETRONIO DESTRO VCON CINQUE FIGLI. SEMPLICITÀ E NORMALITA' DELLA SCELTA. MEA CULPA IN VISTA DEL GIUBILEO. STIMA E FIDUCIA NEL
650 ## - SUBJECT ADDED ENTRY--TOPICAL TERM
Topical term or geographic name as entry element STORIA DELLA LETTERATURA ITALIANA
942 ## - ADDED ENTRY ELEMENTS (KOHA)
Koha item type LIBRO
957 ## -
-- 1
999 ## - SYSTEM CONTROL NUMBERS (KOHA)
-- Copie: 1
Dati di copia
Withdrawn status Lost status Damaged status Not for loan Home library Current library Date acquired Total Checkouts Full call number Date last seen Price effective from Koha item type Public note
    Buone Condizioni Not For Loan ALBA - Biblioteca ALBA - Biblioteca 16/01/2017   L850-49869 16/01/2017 16/01/2017 LIBRO (data import: 16 gennaio 2017) - By Epidotti, Vaglietti.
CREDITS: SOCIETA' SAN PAOLO Via A.Severo, 58 - ROMA (RM) & PERIODICI SAN PAOLO SRL Via Giotto, 36 MILANO & CISF Via Giotto, 36 MILANO & EDIZIONI SAN PAOLO SRL,  Piazza Soncino, 5 CINISELLO BALSAMO (MI) -- ITALY